Návrat krivých uhoriek

V krajinách Vyšehradskej štvorky sa darí euroskeptickým stranám a až tri štvrtiny obyvateľov majú pocit, že západoeurópske štáty ich neberú ako rovnocenných partnerov (podľa prieskumu Nézőpont Intézet). Európska komisia v téme dvojakej kvality potravín vidí príležitosť podporiť proeurópske cítenie o...

Ausführliche Beschreibung

Gespeichert in:
Bibliographische Detailangaben
1. Verfasser: Mihočková, Eva
Format: Buchkapitel
Sprache:Slowakisch
Schlagworte:
Tags: Tag hinzufügen
Keine Tags, Fügen Sie das erste Tag hinzu!

MARC

LEADER 00000naa a2200000 4500
001 0236975
005 20171102090026.5
041 0 |a slo 
044 |a SK 
245 1 0 |a Návrat krivých uhoriek  |c Eva Mihočková 
520 |a V krajinách Vyšehradskej štvorky sa darí euroskeptickým stranám a až tri štvrtiny obyvateľov majú pocit, že západoeurópske štáty ich neberú ako rovnocenných partnerov (podľa prieskumu Nézőpont Intézet). Európska komisia v téme dvojakej kvality potravín vidí príležitosť podporiť proeurópske cítenie občanov nových členských štátov EÚ, ktorých antagonistické vnímanie Bruselu poznačila migračná kríza a dlhodobo sa cítia v európskom klube zaznávané. Súčasťou európskej regulácie by malo byť jednotné usmernenie na zmenu označenia produktov alebo na zjednotenie receptúr. 
610 2 0 |a potraviny 
610 2 0 |a kvalita potravín 
610 2 0 |a regulácia 
610 2 0 |a Európska únia 
610 2 0 |a Vyšehradská štvorka 
610 2 0 |a Slovensko 
100 1 |a Mihočková, Eva